000 00546nam a2200181Ia 4500
008 240729s9999 xx 000 0 und d
022 _a2320-9089
245 4 _aThe Journal of Association of Chest Physicians
260 _aIndia
260 _bWolters Kluwer Medknow Publications
650 _a Diseases of the respiratory system
650 _a Internal medicine
650 _a Specialties of internal medicine
650 _aMedicine
856 _uhttps://doaj.org/toc/835b8d8e75e742318f8d15d96d5bcc7b
942 _2ddc
942 _cDOAJEJ
999 _c70205
_d70205
945 _a1
_bMadushi Gamage
_c1
_dMadushi Gamage